| 000 | 00813nam a2200265uu 4500 | ||
|---|---|---|---|
| 999 |
_c200429560 _d47484 |
||
| 003 | TR-AnTOB | ||
| 005 | 20230506001158.0 | ||
| 007 | ta | ||
| 008 | 180301s2018 tu tur | ||
| 040 |
_aTR-AnTOB _beng _cTR-AnTOB _erda |
||
| 041 | 0 | _atur | |
| 050 | 0 | 0 |
_aHG5706.5 .A2 _bO586 2018 |
| 090 | 0 | 0 |
_aHG5706.5 .A2 _bO586 2018 |
| 245 | 1 | 0 |
_aOnuncu kalkınma planı (2014-2018) : _b2018 yılı yatırım programı / _cT.C. Kalkınma Bakanlığı. |
| 264 |
_aAnkara: _bT.C. Kalkınma Bakanlığı, _c2018 |
||
| 300 |
_axxxii, 293 pages ; _c30 cm. |
||
| 336 |
_2rdacontent _atext |
||
| 337 |
_2rdamedia _aunmediated |
||
| 338 |
_2rdacarrier _avolume |
||
| 650 | 0 |
_aInvestments _zTurkey _931841 |
|
| 650 | 0 |
_aYatırımlar _zTürkiye _992197 |
|
| 902 | _a138248 | ||
| 942 |
_2lcc _cBK |
||